UBT Library

Sweet & Maxwell's family law statutes / (Record no. 362)

000 -LEADER
fixed length control field 00879cam a2200277 i 4500
005 - DATE AND TIME OF LATEST TRANSACTION
control field 20131126103932.0
008 - FIXED-LENGTH DATA ELEMENTS--GENERAL INFORMATION
fixed length control field 770215s1976 enk 001 0 eng
020 ## - INTERNATIONAL STANDARD BOOK NUMBER
International Standard Book Number 0421891408
041 0# - LANGUAGE CODE
Language code of text/sound track or separate title eng
080 ## - UNIVERSAL DECIMAL CLASSIFICATION NUMBER
Universal Decimal Classification number 347
Common auxiliary subdivision (094.4)
110 1# -
-- Great Britain.
240 10 - UNIFORM TITLE
Uniform title <a href="Family law statutes">Family law statutes</a>
245 10 - TITLE STATEMENT
Title Sweet & Maxwell's family law statutes /
Statement of responsibility, etc edited by Sweet & Maxwell's legal editorial staff, with Jennifer Terry ; advisory editor, Olive M. Stone.
250 ## -
-- 2d ed.
260 ## -
-- London :
-- Sweet & Maxwell,
-- 2004.
300 ## -
-- 603 p. ;
-- 24 cm.
500 ## -
-- Preface : f. V
500 ## -
-- Includes index.
650 #0 -
-- Marrëdhëniet në familje
-- Britania e madhe
650 #0 -
-- E drejta civile
-- Britania e madhe
700 1# -
-- Terry, Jennifer.
700 1# -
-- Stone, Olive M.
710 2# -
-- Sweet & Maxwell.
740 ## - ADDED ENTRY--UNCONTROLLED RELATED/ANALYTICAL TITLE
Uncontrolled related/analytical title Family law statutes.
942 ## - ADDED ENTRY ELEMENTS (KOHA)
Source of classification or shelving scheme
Item type Books
Holdings
Withdrawn status Lost status Source of classification or shelving scheme Damaged status Not for loan Collection code Permanent location Current location Shelving location Date acquired Total Checkouts Full call number Barcode Date last seen Price effective from Koha item type
          Koleksioni i përgjithshem UBT - Prishtine UBT - Prishtine Koleksioni i përgjithshem 11/26/2013   347 (094.4) FAM 001-000486 11/26/2013 11/26/2013 Books
          Koleksioni i përgjithshem UBT - Prishtine UBT - Prishtine Koleksioni i përgjithshem 11/26/2013   347 (094.4) FAM 001-000485 11/26/2013 11/26/2013 Books
UBT Library © 2015-2024. All rights reserved University Education for Business and Technology